[Event "Perugia op 1st"]
[Site "Perugia"]
[Date "2009.09.25"]
[Round "3"]
[White "Cuppone, Fiorinto"]
[Black "Areni, Matteo"]
[Result "1/2-1/2"]
[WhiteElo "1619"]
[BlackElo "1506"]
[PlyCount "25"]
[EventDate "2009.09.25"]
[EventType "swiss"]
[EventRounds "5"]
[EventCountry "ITA"]
[SourceTitle "CBM 132 Extra"]
[Source "ChessBase"]
[SourceDate "2009.11.03"]
[SourceVersion "1"]
[SourceVersionDate "2009.11.03"]
[SourceQuality "1"]

1. e4 c5 2. Nf3 d6 3. d4 cxd4 4. Nxd4 Nf6 5. Nc3 g6 6. Bg5 Bg7 7. Qd2 Nc6 8. 0-0-0 0-0 9. Nxc6 bxc6 10. e5 Nd5 11. Nxd5 cxd5 12. exd6 Rb8 13. c3 1/2-1/2